000 002650000a22000970004500
100 1 _aPadilla, C. René
245 1 0 _aEducación teológica y misión de la iglesia
300 _aVol. 3, Num 1 (Marzo de 1984), Páginas 4-5
773 0 _tIglesia y Misión
942 _cANA
999 _c51438
_d51438